000 00738cam a22001935a 4500
001 L155491
008 120326s1811 xxk f 000 0 eng d
035 _a(Sirsi) u155491
041 0 _aeng
100 1 _aTrotter, James
245 0 0 _aGeneral view of the agriculture of the county of West-Lothian
_bwith observations on the means of its improvement
_cDrawn up for the consideration of the Board of Agriculture and Internal Improvement
260 _aEdinburgh
_bPrinted for R. Phillips, London
_c1811
300 _a340 p.
_c24 cm.
583 _aCondition reviewed
_c20120620
_lcondition level 2
651 4 _aScotland
_y1999-
690 _aRural
_96268
856 4 0 _auhttp://194.154.180.3/uhtbin/cgisirsi.exe/0/0/0/1/117/X/
942 _n0
999 _c113603
_d113603